Литература. Ч. 2: Русская литература (Запись № 10454816)
[ простой вид ]
| 000 -МАРКЕР | |
|---|---|
| контрольное поле | 01538nam2a2200253 4500 |
| 001 - ИДЕНТИФИКАТОР ЗАПИСИ | |
| контрольное поле | RU\NLR\BIBL_A\010260177 |
| 005 - ИДЕНТИФИКАТОР ВЕРСИИ | |
| контрольное поле | 20250614015244.0 |
| 010 ## - МЕЖДУНАРОДНЫЙ СТАНДАРТНЫЙ НОМЕР КНИГИ (ISBN) | |
| Номер (ISBN) | 978-5-346-02755-3 |
| Уточнения | ч.2 |
| Тираж | 5000 |
| 021 ## - НОМЕР ГОСУДАРСТВЕННОЙ РЕГИСТРАЦИИ | |
| Код страны | Российская Федерация |
| Номер | 2014-4266 |
| Номер Листа государственной регистраци | 260 |
| 035 ## - ДРУГИЕ СИСТЕМНЫЕ НОМЕРА | |
| Идентификатор записи | (NLR Aleph) 010260177 |
| 100 ## - ДАННЫЕ ОБЩЕЙ ОБРАБОТКИ | |
| Данные общей обработки | 20140320d2013 |||y0rusy50 ca |
| 101 0# - ЯЗЫК РЕСУРСА | |
| Язык текста, звукозаписи и т.д. | русский |
| 102 ## - СТРАНА ПУБЛИКАЦИИ ИЛИ ПРОИЗВОДСТВА | |
| Страна публикации | Российская Федерация |
| 105 ## - ПОЛЕ КОДИРОВАННЫХ ДАННЫХ: ТЕКСТОВЫЕ МАТЕРИАЛЫ, МОНОГРАФИЧЕСКИЕ | |
| Кодированные данные о монографическом текстовом документе | y|||j|||001yy |
| 200 1# - ЗАГЛАВИЕ И СВЕДЕНИЯ ОБ ОТВЕТСТВЕННОСТИ | |
| Основное заглавие | Русская литература |
| 210 ## - ПУБЛИКАЦИЯ, РАСПРОСТРАНЕНИЕ И ДР. | |
| Дата издания, распространения и т.д. | 2013 |
| Место издания, распространения и т.д. | Б. м. |
| 215 ## - ФИЗИЧЕСКАЯ ХАРАКТЕРИСТИКА | |
| Специфическое обозначение материала и объем | 526, [1] с. |
| 320 ## - ПРИМЕЧАНИЯ О НАЛИЧИИ В ДОКУМЕНТЕ БИБЛИОГРАФИИ / УКАЗАТЕЛЯ | |
| Текст примечания | Библиогр.: с. 526 и в подстроч. примеч. |
| 461 #0 - УРОВЕНЬ НАБОРА | |
| Встроенное поле | 001RU\NLR\BIBL_A\010589494 |
| -- | 2000#$aЛитература$e10 класс$eучебник$eдля общеобразовательных учреждений$e(базовый и углубленный уровни)$eв 3 ч.$f[доктора пед. наук Г.Н. Ионин, Е.Ф. Роговер, к.филол.н. В.И. Кайгородов и др.]$gпод ред. Г.Н. Ионина, Г.И. Беленького$vЧ. 2 |
| Системный номер (АБИС) связанной записи | 10496802 |
| Место публикации | Москва |
| Дата публикации | 2013 |
| Издание | 5-е изд., стер. |
| Первые сведения об ответственности | [доктора пед. наук Г.Н. Ионин, Е.Ф. Роговер, к.филол.н. В.И. Кайгородов и др.] |
| Имя издателя, распространителя и т.д. | Мнемозина |
| Сведения, относящиеся к заглавию | 10 класс : учебник : для общеобразовательных учреждений : (базовый и углубленный уровни) : в 3 ч. |
| Заглавие | Литература |
| ISBN | 9785346027539 |
| Номер тома | Ч. 2 |
| 942 ## - ДОПОЛНИТЕЛЬНЫЕ ЭЛЕМЕНТЫ ЗАПИСИ (АБИС) | |
| Тип экземпляра АБИС | Книга |
| 980 ## - КОЛЛЕКЦИЯ | |
| Название коллекции | Национальная библиография |
| Тип экземпляра | Дата поступления | Источник поступления | Стоимость | Библиотека постоянного хранения | Библиотека текущего хранения | Место хранения | Шифр хранения | Штрих-код | Статус экземпляра |
|---|---|---|---|---|---|---|---|---|---|
| Книга | 20.03.2014 | Обязательный экземпляр | 0.00 | РНБ (Московский) | РНБ (Московский) | Русский книжный фонд: издания с 1957 года | 2014-5/2088 | 1-421480 | |
| Книга | 20.03.2014 | Обязательный экземпляр | 0.00 | РНБ (Московский) | РНБ (Московский) | Русский книжный фонд: издания с 1957 года | 2014-5/2088 | 1-421476 |